000 00217nam a2200097Ia 4500
005 20251222114346.0
008 251222s1900||||xx |||||||||||||| ||spa||
082 _aDVD0040/K96/1974
245 0 _aDersu Uzala:
942 _cDVD
999 _c1034
_d1034